LEADER 06246nam 22007935 450 001 9910744502203321 005 20260226141550.0 010 $a3-031-26669-2 024 7 $a10.1007/978-3-031-26669-0 035 $a(MiAaPQ)EBC30734708 035 $a(Au-PeEL)EBL30734708 035 $a(DE-He213)978-3-031-26669-0 035 $a(PPN)27273912X 035 $a(CKB)28159433500041 035 $a(EXLCZ)9928159433500041 100 $a20230907d2023 u| 0 101 0 $aeng 135 $aurcnu|||||||| 181 $ctxt$2rdacontent 182 $cc$2rdamedia 183 $acr$2rdacarrier 200 10$aAdvanced Crop Improvement, Volume 2 $eCase Studies of Economically Important Crops /$fedited by Aamir Raina, Mohammad Rafiq Wani, Rafiul Amin Laskar, Nasya Tomlekova, Samiullah Khan 205 $a1st ed. 2023. 210 1$aCham :$cSpringer International Publishing :$cImprint: Springer,$d2023. 215 $a1 online resource (xxi, 569 pages) $cillustrations (some color) 311 08$aPrint version: Raina, Aamir Advanced Crop Improvement, Volume 2 Cham : Springer International Publishing AG,c2023 9783031266683 327 $aPlant Genetic Resources: Conservation, Evaluation and Utilization in Plant Breeding -- Applicability of ISAP and RAPD Techniques for Capsicum Collections Genotyping -- SINE-Markers as a Powerful Tool for Assessing Genetic Diversity to Improve Potato -- Improved breeding of high carotene carrots through marker-assisted paternity selection and Raman spectroscopy -- Traditional and modern molecular cytogenetic approaches to study of mutagen-induced DNA damage - a case of Fagopyrum species -- Improvement of Yield in Cowpea Varieties using Different Breeding Approaches -- Germplasm Diversity and Breeding Approaches for Genetic Improvement of Mungbean -- Mutation Breeding for Adaptation to Climate Change in Seed Propagated Crops -- Induced Mutagenesis-A Reliable Technology to Overcome the Limitations of Low Genetic Variability in Lentils -- Abiotic stress tolerance and nutritional improvement in chickpeas through recombination, mutation, and molecular breeding -- Application of Molecular Markers for Assessing Genetic Diversity in Faba Bean -- Conventional and Molecular Breeding for Genetic Improvement of Maize (Zea mays L.) -- Conventional and Molecular Breeding for Sunflower Nutrition Quality Improvement -- Mendelian to Genomics and Bioinformatics Approaches in cytoplasmic male sterility and fertility restoration in Sorghum breeding -- Induced Mutations for Developing New Ornamental Varieties -- In vitro embryo rescue techniques and applications in hybrid plant development -- Proteomic and Biochemical Research for Exploring the Role of Plant-Derived Smoke in Food Crops -- Genome-wide association study (GWAS): concept and methodology for gene mapping in plants -- Tweaking CRISPR/Cas for developing salt and drought tolerant crop plants -- CRISPR/Cas in improvement of food crops for feeding the world into the future. 330 $aAs per the reports of FAO, the human population will rise to 9 billion by the end of 2050 and 70% of more food must be produced over the next three decades to feed the additional population. The breeding approaches for crop improvement programs are dependent on the availability and accessibility of genetic variation, either spontaneous or induced by the mutagens. Plant breeders, agronomists, and geneticists are under constant pressure to expand food production by employing innovative breeding strategies to enhance yield, adaptability, nutrition, resistance to biotic and abiotic stresses. In conventional breeding approaches, introgression of genes in crop varieties is laborious and time-consuming. Nowadays, new innovative plant breeding techniques such as molecular breeding and plant biotechnology, supplement the traditional breeding approaches to achieve the desired goals of enhanced food production. With the advent of recent molecular tools like genomics, transgenics, molecular marker-assisted back-crossing, TILLING, Eco-TILLING, gene editing, CRISPR CAS, non-targeted protein abundant comparative proteomics, genome wide association studies have made possible mapping of important QTLs, insertion of transgenes, reduction of linkage drags, and manipulation of genome. In general, conventional and modern plant breeding approaches would be strategically ideal for developing new elite crop varieties to meet the feeding requirement of the increasing world population. This book highlights the latest progress in the field of plant breeding, and their applicability in crop improvement. The basic concept of this 2-volume work is to assess the use of modern breeding strategies in supplementing the conventional breeding toward the development of elite crop varieties, for obtaining desired goals of food production. 606 $aPlant biotechnology 606 $aPlant genetics 606 $aPlant molecular biology 606 $aAgriculture 606 $aAgronomy 606 $aPlant Biotechnology 606 $aPlant Genetics 606 $aPlant Molecular Biology 606 $aAgriculture 606 $aAgronomy 606 $aPlantes transgèniques$2thub 606 $aEnginyeria genètica vegetal$2thub 606 $aBiotecnologia agrícola$2thub 608 $aLlibres electrònics$2thub 615 0$aPlant biotechnology. 615 0$aPlant genetics. 615 0$aPlant molecular biology. 615 0$aAgriculture. 615 0$aAgronomy. 615 14$aPlant Biotechnology. 615 24$aPlant Genetics. 615 24$aPlant Molecular Biology. 615 24$aAgriculture. 615 24$aAgronomy. 615 7$aPlantes transgèniques 615 7$aEnginyeria genètica vegetal 615 7$aBiotecnologia agrícola 676 $a631.5233 676 $a631.5233 701 $aRaina$b Aamir$01381890 701 $aWani$b Mohammad Rafiq$01381891 701 $aLaskar$b Rafiul Amin$01381892 701 $aTomlekova$b N. B$01432711 701 $aKhan$b Samiullah$01381894 801 0$bMiAaPQ 801 1$bMiAaPQ 801 2$bMiAaPQ 906 $aBOOK 912 $a9910744502203321 996 $aAdvanced Crop Improvement, Volume 2$94464937 997 $aUNINA